000 01008pam a2200289 a 4500
001 2633
003 FISKH
005 20240105154416.0
008 820823r1982 nyua j 000 1 eng
010 _a 82015548
020 _a0374304696 :
040 _aDLC
_beng
_cDLC
_dDLC
042 _alcac
050 0 0 _aPZ7.D1515
_bBf 1982
082 0 0 _a[Fic]
_219
100 1 _aDahl, Roald.
245 1 4 _aThe BFG /
_cRoald Dahl ; illustrations by Quentin Blake
250 _aFirst Published 1988
260 _aLondon :
_bJohnthan Cape,
_c1982
300 _a224 pages :
_billustrations ;
_c25 cm
520 _aKidsnatched from her orphange by a BFG (Big Friendly Giant), who spends his life blowing happy dreams to children, Sophie concocts with him a plan to save the world from nine other man-gobbling cannybull giants.
650 1 _aGiants
_vFiction.
650 1 _aOrphans
_vFiction.
700 1 _aBlake, Quentin,
_eillustrator
906 _a7
_bcbc
_corignew
_d1
_eocip
_f19
_gy-gencatlg
942 _2ddc
_cBK
_n0
999 _c2633
_d2633